La sociolingüística de la sociedad
Guardat en:
| Autor principal: | |
|---|---|
| Format: | Llibre |
| Idioma: | espanyol |
| Publicat: |
Madrid
Visor Libros
1996
|
| Col·lecció: | Visor Linguística, 7
|
| Matèries: | |
| Etiquetes: |
Afegir etiqueta
Sense etiquetes, Sigues el primer a etiquetar aquest registre!
|
MARC
| LEADER | 00000nam a2200000 a 4500 | ||
|---|---|---|---|
| 001 | UCS2332 | ||
| 003 | CL-VaPUC | ||
| 008 | 970523e19960000SP |||||||||||||||||spa|d | ||
| 082 | 0 | 4 | |a 306.44 |b FAS |2 21 |
| 100 | 0 | |a Fasold, Ralph |e author |9 387666 | |
| 245 | 1 | 3 | |a La sociolingüística de la sociedad |
| 246 | 1 | 0 | |a Introducción a la sociolingüística |
| 300 | |a 491 p | ||
| 942 | |c BK | ||
| 945 | |d 19970523 00:00:00 |a amoreno | ||
| 260 | |a Madrid |b Visor Libros |c 1996 | ||
| 650 | 7 | |a PLURILINGUISMO SOCIAL |2 CL-VaPUC |9 387667 | |
| 650 | 0 | |a Lenguas |9 324269 | |
| 650 | 0 | |a Naciones |9 337518 | |
| 650 | 0 | |a Migración |9 331531 | |
| 650 | 0 | |a Imperialismo |9 258264 | |
| 650 | 0 | |a Federalismo |9 313886 | |
| 650 | 7 | |a BILINGUISMLO |2 CL-VaPUC |9 387668 | |
| 650 | 0 | |a Educación |9 258661 | |
| 650 | 7 | |a DIGLOSIA |2 CL-VaPUC |9 387669 | |
| 650 | 0 | |a Población |9 257577 | |
| 650 | 0 | |a Estadística |9 259535 | |
| 651 | 0 | |a Paraguay |9 255336 | |
| 651 | 0 | |a India |9 267804 | |
| 583 | |a last modification |c 19970523 00:00:00 |k Rodrigo Vera | ||
| 490 | 0 | |a Visor Linguística, 7 | |
| 999 | |c 260303 |d 260301 | ||
| 952 | |0 0 |1 0 |4 0 |6 306_440000000000000_FAS_1996 |7 0 |8 A |9 286296 |a BIBEDU |b BIBEDU |d 2019-11-19 |i 3306089 |o 306.44 FAS 1996 |p 3306089 |r 2019-11-19 |w 2019-11-19 |y BK |k LIT | ||
| 952 | |0 0 |1 0 |4 0 |6 306_440000000000000_FAS_1996 |7 0 |8 A |9 286297 |a FDOPOS |b FDOPOS |d 2019-11-19 |i 3676676 |o 306.44 FAS 1996 |p 3676676 |r 2025-01-22 |w 2019-11-19 |y BK |k MLA | ||
| 952 | |0 0 |1 0 |4 0 |6 306_440000000000000_FAS_1996 |7 0 |8 A |9 286298 |a FDOPOS |b FDOPOS |d 2019-11-19 |i 377242K |o 306.44 FAS 1996 |p 377242K |r 2025-01-22 |w 2019-11-19 |y BK |k MLA | ||